All Champions League Winners 2000+ - Statistics

General Stats
  • This quiz has been taken 70 times
  • The average score is 24 of 25
Answer Stats
Hint Answer % Correct
2015 Barcelona
100%
2009 Barcelona
100%
2006 Barcelona
100%
2013 Bayern munich
100%
2001 Bayern munich
100%
2019 Liverpool
100%
2005 Liverpool
100%
2023 Manchester city
100%
2024 Real madrid
100%
2022 Real madrid
100%
2018 Real madrid
100%
2017 Real madrid
100%
2016 Real madrid
100%
2014 Real madrid
100%
2002 Real madrid
100%
2000 Real madrid
100%
2020 Bayern munchen
98%
2021 Chelsea
97%
2012 Chelsea
97%
2010 Inter milan
97%
2008 Manchester united
97%
2007 Ac milan
94%
2003 Ac milan
94%
2004 Porto
87%
2011 Barcelona
79%
No matching quizzes found
Score Distribution
Percent of People with Each Score
Percentile by Number Answered
Your Score History
You have not taken this quiz